000 00387nam a22001457a 4500
005 20200619155036.0
008 200619b xxu||||| |||| 00| 0 eng d
082 _a345.4 LIC
110 _aALL INDIA REPORTER
_96250
245 _aTHE LABOUR AND INDUSTRIAL CASES [2014] (JAN- MARCH)
260 _aMUMBAI
_bALL INDIA REPORTER
_c2014
300 _a1200
650 _aLAW
_95701
942 _cJRL
999 _c7345
_d7343